| 000 | 00566nam a2200205 a 4500 | ||
|---|---|---|---|
| 999 |
_c9383 _d9383 |
||
| 001 | 9383 | ||
| 003 | BD-JhCC | ||
| 005 | 20180527100327.0 | ||
| 008 | 180313s1966 uk |||| |||| 000 0 eng d | ||
| 035 | _a(BD-JhCC) | ||
| 040 |
_aBD-JhCC _dBD-JhCC |
||
| 041 | _aeng | ||
| 082 |
_a821.08 _bLAM 1966 |
||
| 100 | _aLamb, G. F. | ||
| 245 |
_aStory and Rhythm : _ban anthology of verse of secondary schools in three books / _cG. F. Lamb |
||
| 260 |
_aLondon: _c1966, _bGeorge G. Harrap & Co Ltd |
||
| 300 |
_a157 p; _c22 cn |
||
| 650 | _aChildren's Poetry | ||
| 942 |
_2ddc _cBK |
||